000
00369nam a22001577a 4500
003
MPLRDC
005
20220104113612.0
008
210129b ||||| |||| 00| 0 eng d
082
_a
857.62 JW v.2
100
_a
金文编著
245
_a
名探的推理. 二
_c
260
_a
_b
信出版社
_c
300
_b
平
650
_a
推理小说
942
_c
BK
_o
857.62 JW v.2
999
_c
897
_d
887